00741nam a2200241Ia 4500003000400000005001700004008004000021020001500061040000700076041000800083082001300091100002700104245003000131250000600161260005800167300001400225690002300239700002400262906001100286942001200297999001900309952017100328OSt20240105103739.0210210b2012 xxu||||| |||| 00| 0 eng d a0071333339 cAL aeng a658 TRIP aTRIPATHI (P C)9147411 aPrinciples of management  a5 aNew DelhibTata McGraw Hill Education Pvt. Ltd.c2012 axviii,454 aManagement9147417 aREDDY (P N)9147419 a066492 2ddccBK c147780d147780 00102ddc40708Human RightsaALbALd2021-02-17eSapna Book House Pvt Ltd, K S Rao Road, Mangaloreg375.00l0o658 TRIPp066492r2021-02-17 00:00:00w2021-02-17yBK